| 000 | 00601nam a22002171 4500 | ||
|---|---|---|---|
| 001 | sa 68003749 | ||
| 003 | DLC | ||
| 005 | 20260227112456.0 | ||
| 008 | 710903s1966 ii 00010 eng | ||
| 010 | _asa 68003749 | ||
| 025 | _aPL480:I-E-7036 | ||
| 043 | _aa-ii--- | ||
| 050 | 0 |
_aHD3540.A3 _bB48 |
|
| 100 | 1 | 0 | _aSen, Satyendranath. |
| 245 | 1 | 0 |
_aCo-operative movement in West Bengal, _cby S. N. Sen. |
| 260 | 0 |
_aCalcutta, _bBookland, _c1966. |
|
| 300 |
_a63 p. _c22 cm. |
||
| 350 | _aRs5 | ||
| 440 | 0 |
_aRai Bahadur Manmatha Nath Bose lectures, _v1 |
|
| 650 | 0 |
_aCooperation _zIndia _zWest Bengal. |
|
| 999 |
_c79723 _d79723 |
||